00514 2200193 4500001002100000005001500021008004100036020002200077035001900099041000700118082001000125090001600135100002600151245004000177250001100217260003200228300003400260650002600294INLIS00000000001103120241224114115241224||||||||| | ||| |||| || |  a978-602-8800-46-4 0010-1224011031 aid0 a721.5 a721.5 IDE r0 aIden Wildensyah, M.Si00aRangka Atap Baja Ringan untuk Semua aRevisi aBandungbCV. Alfabetac2013 a20,5x14,5 cm, viii, 164 hlm.; 0akesenian dan olahraga